| 000 -LEADER |
| fixed length control field |
01064nam a2200241Ia 4500 |
| 001 - CONTROL NUMBER |
| control field |
18122 |
| 003 - CONTROL NUMBER IDENTIFIER |
| control field |
GE_BSU |
| 008 - FIXED-LENGTH DATA ELEMENTS--GENERAL INFORMATION |
| fixed length control field |
181216s||||||||xx |||||||||||||| ||und|| |
| 020 ## - INTERNATIONAL STANDARD BOOK NUMBER |
| International Standard Book Number |
ISSN 1512-3154 |
| 040 ## - CATALOGING SOURCE |
| Transcribing agency |
GE_BSU |
| 080 ## - UNIVERSAL DECIMAL CLASSIFICATION NUMBER |
| Universal Decimal Classification number |
94(100)''15/18''(082) |
| 245 ## - TITLE STATEMENT |
| Title |
ახალი და უახლესი ისტორიის საკითხები=Studies in Modern and Contemporary History |
| 245 ## - TITLE STATEMENT |
| Remainder of title |
კრებული |
| 245 ## - TITLE STATEMENT |
| Statement of responsibility, etc. |
რედ. ლ. სარალიძე. ა. სონღულაშვილი |
| 250 ## - EDITION STATEMENT |
| Edition statement |
ივანე ჯავახიშვილის სახ. სახ-ფო უნ-ტი. ისტორიის და ეღნოლოგიის ინ-ტი |
| 260 ## - PUBLICATION, DISTRIBUTION, ETC. |
| Place of publication, distribution, etc. |
თბილისი |
| 260 ## - PUBLICATION, DISTRIBUTION, ETC. |
| Name of publisher, distributor, etc. |
უნივერსალი |
| 260 ## - PUBLICATION, DISTRIBUTION, ETC. |
| Date of publication, distribution, etc. |
2015 |
| 300 ## - PHYSICAL DESCRIPTION |
| Extent |
379გვ.21სმ. |
| 520 ## - SUMMARY, ETC. |
| Summary, etc. |
პარალ სათ. ინგ. ენ. |
| 653 ## - INDEX TERM--UNCONTROLLED |
| Uncontrolled term |
ახალი და უახლესი ისტორიის საკითხები 2(17) |
| 942 ## - ADDED ENTRY ELEMENTS (KOHA) |
| Koha item type |
წიგნი |